Magíster de derecho público. Facultad de Ciencias Jurídicas y Sociales Universidad de Concepción.

Spremljeno u:
Bibliografski detalji
Glavni autor: Morales Espinoza, Baltazar (coordinador)
Format: Nepoznato
Izdano: Santiago, Chile: Thomson Reuters, 2024.
Izdanje:1ª edición.
Teme:
Oznake: Dodaj oznaku
Bez oznaka, Budi prvi tko označuje ovaj zapis!

MARC

LEADER 00000 a2200000 4500
003 CL-VaPUC
005 20240607104224.0
008 240603t2024 ||||| |||| 00| 0 eng d
999 |c 443822  |d 443820 
020 |a 978-956-400-505-8 
040 |c Pontificia Universidad Católica de Valparaíso 
082 7 |2 22  |a 343.09 MOR 2024 
100 |a Morales Espinoza, Baltazar  |9 889193  |e coordinador 
245 |a Magíster de derecho público.  |b Facultad de Ciencias Jurídicas y Sociales Universidad de Concepción. 
250 |a 1ª edición. 
260 |a Santiago, Chile:  |b Thomson Reuters,  |c 2024. 
300 |a 592 páginas. 
583 |k GC  |c 20240603 
650 0 |9 255910  |a Derecho público   |v Tesis y escritos académicos  |x Cursos de postgrado  |z Chile 
650 0 |9 258115  |a Responsabilidad del estado  |v Tesis y escritos académicos  |x Servicialidad  |x Subsidiariedad  |x Sufragio (Limitaciones)  |x Protección de menores  |x Servicio Agrícola y Ganadero (SAG)  |x Hospitales (Administración)  |x Patrimonio cultural (Protección)  |z Chile 
942 |2 ddc  |c BK 
952 |0 0  |1 0  |2 ddc  |4 0  |6 343_090000000000000_MOR_2024  |7 0  |8 A  |9 594951  |a BIBDER  |b BIBDER  |d 2024-06-03  |e 31  |g 0.00  |i 5661471  |o 343.09 MOR 2024  |p 5661471  |r 2024-06-03  |t 1  |v 0.00  |w 2024-06-03  |y BK  |k DER